Le controle juridictionnel de l'administration en Israël: étude de droit comparé

Uloženo v:
Podrobná bibliografie
Hlavní autor: Etzion, David (Autor)
Médium: Kniha
Jazyk:francouzština
Vydáno: París Librairie Générale et de Droit de Jurisprudence 1970
Edice:Bibliothéque de Droit Public, 100
Témata:
Tagy: Přidat tag
Žádné tagy, Buďte první, kdo vytvoří štítek k tomuto záznamu!

MARC

LEADER 00000nam a2200000 a 4500
001 UCS5390
003 CL-VaPUC
008 970830e19700000FR |||||||||||||||||fre|d
082 0 4 |a 342.06  |b ETZ  |2 21 
100 0 |a Etzion, David  |e author  |9 391198 
245 1 3 |a Le controle juridictionnel de l'administration en Israël: étude de droit comparé 
300 |a 194 p 
942 |c BK 
945 |d 19970830 00:00:00  |a lriquelm 
260 |a París  |b Librairie Générale et de Droit de Jurisprudence  |c 1970 
650 0 |a Derecho administrativo  |9 254851 
650 0 |a Administración  |9 259325 
650 7 |a CONTROL GUBERNAMENTAL  |2 CL-VaPUC  |9 352636 
650 0 |a Fuentes del derecho   |9 255162 
650 7 |a CONTROL JURISDICCIONAL  |2 CL-VaPUC  |9 383876 
651 0 |a Israel  |9 314378 
583 |a last modification  |c 19970830 00:00:00  |k Rodrigo Vera 
490 0 |a Bibliothéque de Droit Public, 100 
999 |c 261903  |d 261901 
952 |0 0  |1 0  |4 0  |6 342_060000000000000_ETZ_1970  |7 0  |8 A  |9 289810  |a BIBDER  |b BIBDER  |d 2019-11-19  |i 1877453  |o 342.06 ETZ 1970  |p 1877453  |r 2023-01-25  |w 2019-11-19  |y BK  |k DER